| 000 | 00552nam a22001457a 4500 | ||
|---|---|---|---|
| 082 | _a621 | ||
| 100 |
_aSaqlain Ghumman ,Saad _9126505 |
||
| 245 |
_aEffect of Energy Efficiency and Future Weather Scenarios on Energy Consumption of Hospital Building / _cSaad Saqlain Ghumman |
||
| 264 |
_aIslamabad : _bSMME- NUST; _c 2024. |
||
| 300 |
_a59p. ; _bSoft Copy _c30cm. |
||
| 650 | _aMS Mechanical Engineering | ||
| 700 |
_aSupervisor: Dr. Waqas Khalid _9119579 |
||
| 856 | _uhttp://10.250.8.41:8080/xmlui/handle/123456789/47335 | ||
| 942 |
_2ddc _cTHE |
||
| 999 |
_c612178 _d612178 |
||